All Peso Pluma Songs - Statistics

General Stats
  • This quiz has been taken 251 times
    45 since last reset
  • The average score is 38 of 124
Answer Stats
Album Song % Correct
Ah y Que? Producto de La
95%
GÉNESIS LADY GAGA ft. Gabito Ballesteros, Junior H
76%
GÉNESIS LAGUNAS ft. Jasiel Nuñez
76%
GÉNESIS LA PEOPLE ft. Tito Double P
76%
GÉNESIS LUNA ft. Junior H
76%
GÉNESIS PRC ft. Natanael Cano
76%
GÉNESIS RUBICON
76%
GÉNESIS ROSA PASTEL ft. Jasiel Nuñez
73%
GÉNESIS BYE
70%
ÉXODO HOLLYWOOD ft. Estevan Plazola
70%
GÉNESIS NUEVA VIDA
68%
GÉNESIS 77 ft. Eladio Carrión
62%
GÉNESIS LAS MORRAS ft. Blessd
62%
GÉNESIS ZAPATA
62%
Collabs AMG ft. Natanael Cano, Gabito Ballesteros
59%
GÉNESIS VVS ft. Edgardo Nuñez, Los Dareyes de la Sierra
59%
GÉNESIS CARNAL ft. Natanael Cano
57%
Collabs Ella Baila Sola ft. Eslabón Armado
57%
Singles Por las Noches
57%
GÉNESIS GAVILÁN II ft. Tito Double P
54%
Collabs Igualito a mi apá ft. Fuerza Regida
54%
GÉNESIS SU CASA ft. Luis R Conriquez
54%
ÉXODO VINO TINTO ft. Natanael Cano, Gabito Ballesteros
54%
ÉXODO BELLAKEO ft. Anitta
51%
ÉXODO ICE
51%
ÉXODO ROMPE LA DOMPE ft. Junior H, Óscar Maydon
51%
ÉXODO SANTAL 33 ft. Óscar Maydon
51%
GÉNESIS TULUM ft. Grupo Frontera
51%
ÉXODO 14 - 14
49%
ÉXODO BELANOVA ft. Tito Double P
49%
ÉXODO LA DURANGO ft. Junior H, Eslabón Armado
49%
ÉXODO LA PEOPLE II ft. Tito Double P, Joel De La P
49%
ÉXODO SOLICITADO
49%
ÉXODO BRUCE WAYNE
46%
Collabs Dos Días ft. Tito Double P
46%
Collabs El Azul ft. Junior H
46%
ÉXODO GIMME A SECOND ft. Rich The Kid
46%
ÉXODO ME ACTIVO ft. Jasiel Nuñez
46%
ÉXODO RELOJ ft. Iván Cornejo
46%
Efectos Secundarios Y Qué?
46%
ÉXODO PA NO PENSAR ft. Quavo
43%
ÉXODO PUT EM IN THE FRIDGE ft. Cardi B
43%
ÉXODO TEKA ft. DJ Snake
43%
Collabs El Gavilán ft. Luis R Conriquez, Tony Aguirre
41%
Efectos Secundarios La Melena
41%
Collabs Los Cuadros ft. Tito Double O
41%
ÉXODO MAMI ft. Chino Pacas
41%
ÉXODO SR. SMITH ft. Luis R Conriquez
41%
Singles El Belicón ft. Raúl Vega
38%
ÉXODO LA PATRULLA ft. Neton Vega
38%
ÉXODO MALA ft. Ryan Castro
38%
ÉXODO PESO COMPLETO ft. Arcángel
38%
ÉXODO TOMMY & PAMELA ft. Kenia OS
38%
Singles Gervonta
30%
Collabs Qlona ft. Karol G
30%
Collabs Quema ft. Ryan Castro, SOG
30%
Singles Siempre Pendientes ft. Luis R Conriquez
30%
Collabs Sin Yolanda ft. Gabito Ballesteros
30%
Collabs A Tu Manera ft. Junior H
24%
Singles Bipolar ft. Jasiel Nuñez, Junior H
24%
Collabs Igual que un Ángel ft. Kali Uchis
24%
Singles Rari
24%
Collabs Chanel ft. Becky G
22%
Collabs En Mi Mundo ft. Jasiel Nuñez
22%
Efectos Secundarios Lo Que Me Das
22%
Collabs Lucky Charms ft. Gabito Ballesteros, Natanael Cano
22%
Collabs Amiri ft. Jasiel Nuñez, Tito Double P
19%
Collabs Bandida ft. Luis R Conriquez
19%
Collabs El Tsurito ft. Junior H, Gabito Ballesteros
19%
Collabs La Bebé (Remix) ft. Yng Lvcas
19%
Collabs La Chamba ft. Arcángel
19%
Collabs Pancake ft. Natanael Cano
19%
Singles Peligro
19%
Singles Por las noches (Remix) ft. Nicki Nicole
19%
Sembrando Sembrando
19%
Collabs California Sunset ft. Jasiel Nuñez
16%
Sembrando El Capi
16%
Collabs Humo ft. Chencho Corleone
16%
Ah y Que? Jerarquia de Nivel
16%
Ah y Que? La Pluma de Wax
16%
Sembrando Me Convertí
16%
Collabs No Son Klle ft. Santa Fe Klan, Duki
16%
Collabs Pixelados ft. Luis R Conriquez
16%
Ah y Que? El Pengüin ft. Jorge Morales el Jilguero
14%
Collabs Ojos Azules ft. Blessd, SOG
14%
Singles Sentosa ft. Tornillo, Polo González
14%
Collabs Se te nota ft. Myke Towers
14%
Ah y Que? 18/02
11%
Efectos Secundarios Con Dinero Baila el Perro
11%
Collabs El Hechizo ft. Ovy on the Drums
11%
Ah y Que? La Belikiada
11%
Collabs La intención ft. Christian Nodal
11%
Efectos Secundarios Les Cuesta ft. Los Del FI
11%
Ah y Que? Los Pixeliados ft. Lalo Reyes
11%
Ah y Que? Omnia ft. Choforo
11%
Collabs Plebada ft. El Alfa
11%
Sembrando Spiral
11%
Collabs Alley Oop ft. Nigo, Duki
8%
Efectos Secundarios Entre Humo y Huesos
8%
Collabs Ex-Special ft. Jhayco
8%
Efectos Secundarios La Encontré
8%
Ah y Que? La Roca
8%
Ah y Que? Pastaillas Pa Olvidar
8%
Ah y Que? Relajado Voy
8%
Singles Todo es Playa
8%
Collabs Un Trio ft. Ryan Castro, SOG
8%
Singles 30 Tiros
5%
Collabs Ando Enfocado ft. Jaziel Avilez, Codiciado
5%
Singles Delivery ft Alemán
5%
Collabs Feria en el Sobre ft. Gera MX, Herencia de Patrones
5%
Efectos Secundarios No Está Facil
5%
Collabs Tiffany ft. Eladio Carrion
5%
Collabs Una bala ft. Milo J
5%
Ah y Que? Yo Ando Agusto
5%
Ah y Que? 2020
3%
Sembrando El Güero
3%
Sembrando El Viejón de la Loma
3%
Collabs Gimme A Second 2 ft. Rich The Kid, Kanye West, Ty Dolla $ign
3%
Efectos Secundarios Mil Historias ft. Hector Rubio
3%
Collabs Ando Enfocafo ft. Jaziel Aviles
0%
Efectos Secundarios El Chuletas ft. Choforo
0%
Singles El Petter ft. Decreto Real
0%
Collabs Gente del Cartel ft. Jorge Morales el Jilguero
0%
Collabs Peso Pluma: BZRP Music Session, Vol. 55 ft. Bizarrap
0%
No matching quizzes found
Score Distribution
Percent of People with Each Score
Percentile by Number Answered
Your Score History
You have not taken this quiz since the last reset